| 000 | 00385nam a2200169Ia 4500 | ||
|---|---|---|---|
| 100 | _aRaju/G.S.N | ||
| 650 | _aElectromagnetics | ||
| 942 | _cBK | ||
| 366 | _f25 | ||
| 654 | _aelectromagnetic | ||
| 245 | _aElectromagnetic field theory and transmission lines | ||
| 260 |
_bPearson Education _c2005 |
||
| 082 |
_a530.141 _bRAJ |
||
| 300 | _a583 | ||
| 546 | _aENGLISH | ||
| 999 |
_c22338 _d22338 |
||